书目信息 |
| 题名: |
三级跳远
|
|
| 作者: | 李鸿江 , 沙捷 编著 | |
| 分册: | ||
| 出版信息: | 北京 人民体育出版社 2001 |
|
| 页数: | 149页 | |
| 开本: | 19cm | |
| 丛书名: | 田径教学训练实用丛书 | |
| 单 册: | ||
| 中图分类: | G823.4 | |
| 科图分类: | ||
| 主题词: | 三级跳远--运动训练法 , 三级跳远 , 运动训练法 | |
| 电子资源: | ||
| ISBN: | 7-5009-2036-9 | |
| 000 | 00856oam2 2200277 450 | |
| 001 | 1230998468 | |
| 005 | 20121016083708.21 | |
| 010 | @a7-5009-2036-9@dCNY9.00 | |
| 100 | @a20010722d2001 em y0chiy0110 ea | |
| 101 | 0 | @achi |
| 102 | @aCN@b110000 | |
| 105 | @aa z 000yy | |
| 200 | 1 | @a三级跳远@Asan ji tiao yuan@f李鸿江,沙捷编著 |
| 210 | @a北京@c人民体育出版社@d2001 | |
| 215 | @a149页@c插图@d19cm | |
| 225 | 2 | @a田径教学训练实用丛书 |
| 330 | @a本书内容包括:三级跳远技术,三级跳远的教学,三级跳远的训练,三级跳远运动员的选材,三级跳远赛前训练的安排。 | |
| 461 | 0 | @12001 @a田径教学训练实用丛书 |
| 606 | 0 | @a三级跳远@x运动训练法 |
| 606 | 0 | @a三级跳远 |
| 606 | 0 | @a运动训练法 |
| 690 | @aG823.4@v4 | |
| 701 | 0 | @a李鸿江@Ali hong jiang@4编著 |
| 701 | 0 | @a沙捷@Asha jie@4编著 |
| 801 | 0 | @aCN@bNLC@c20101222 |
| 905 | @a10447@dG823.4@eJY218 | |
| 三级跳远/李鸿江,沙捷编著.-北京:人民体育出版社,2001 |
| 149页:插图;19cm.-(田径教学训练实用丛书) |
| ISBN 7-5009-2036-9:CNY9.00 |
| 本书内容包括:三级跳远技术,三级跳远的教学,三级跳远的训练,三级跳远运动员的选材,三级跳远赛前训练的安排。 |
| ● |
| 相关链接 |
|
|
|
|
正题名:三级跳远
索取号:G823.4/JY218
 
预约/预借
| 序号 | 登录号 | 条形码 | 馆藏地/架位号 | 状态 | 备注 |
| 1 | 7828986 | 278289861 | 学院路分馆/ [索取号:G823.4/JY218] | 在馆 |